Land vs. Land #46 - Statistiken

Allgemein
  • Dieses Quiz wurde 23 mal gespielt
  • Das Durchschnittsergebnis liegt bei 12 aus 14
Antwortstatistiken
Frage Antwort % Korrekt
...Fläche? Indonesien🇮🇩
100%
...Einwohner? Indonesien🇮🇩
100%
...Militär? Indonesien🇮🇩
100%
...Exportmengen? Indonesien🇮🇩
100%
...Bruttoinlandsprodukt? Indonesien🇮🇩
95%
...Tourismus? Indonesien🇮🇩
90%
...Gewinner? Indonesien🇮🇩
90%
...Bruttoinlandsprodukt pro Kopf? Indonesien🇮🇩
86%
...HDI (Human Development Index)? Indonesien🇮🇩
86%
...Gesundheitswesen? Indonesien🇮🇩
81%
...durchschnittlicher IQ? Indonesien🇮🇩
76%
...Happy Planet Index? Nepal🇳🇵
71%
...Lebenserwartung? Indonesien🇮🇩
62%
...Frieden? Indonesien🇮🇩
38%
Keine übereinstimmenden Quizze gefunden
Verteilung der Resultate
Anzahl Personen mit jedem Resultat
Perzentil nach korrekt beantworteten Fragen
Ihre Resultats-Entwicklung
Sie haben dieses Quiz noch nicht gespielt